000 00597nam a2200241Ia 4500
001 893
005 20240113233434.0
007 ta
008 050127s2000 a g b000 u ben u
020 _cPB
040 _aRef. stack
041 _aben
082 _a297
_bCo 77 Ko
100 _aCook, Micheal .
245 0 _aKoran: A very short introduction /
_cMicheal Cook.
_hTextual Documents
250 _a1st ed /
260 _aNew York :
_bOxford university ,
_cc2000.
300 _a164p. :
_bill ;
_c19cm .
653 _aReligion
942 _2ddc
_cBK
999 _c891
_d891